| 000 | 00734nam a2200193 i 4500 | ||
|---|---|---|---|
| 001 | 163181 | ||
| 003 | ES-MaACL | ||
| 005 | 20250817024656.0 | ||
| 008 | 931025s1868 sp |||| | spa d | ||
| 100 | 1 |
_aReid, Mayne ( _d1818-1883) _995977 |
|
| 245 | 1 | 4 |
_aLos cazadores de osos / _cpor el capitan Mayne-Reid ; traducción de N.M. |
| 260 |
_aMadrid : _bLibrería de Cuesta, _c1868 ( _fImp. de la Biblioteca Universal Económica) |
||
| 300 |
_a255 p. ; _c18 cm. |
||
| 490 | 1 | _aBiblioteca Económica de Instrucción y Recreo | |
| 830 | 0 | 0 |
_aBiblioteca económica de instrucción y recreo _9182441 |
| 852 |
_aES-MaACL _jC-3508 _z-- Enc. hol. _z-- Legado de M. de la Fuente |
||
| 999 |
_c163181 _d163181 |
||